000 00362nam a2200133Ia 4500
008 240624s9999 xx 000 0 und d
041 _aeng
082 _a658.4092 DAR
100 _aDEPTT OF ADMN REFORMS AND PUBLIC GRIEVANCES
245 _aSPLENDOUR IN THE GRASS
260 _c2008
_aNew Delhi
_bPenguin Books
300 _a305 : p. : cm. ; 24
365 _cRS
_b20
999 _c11756
_d11756